00488nam a2200145Ia 4500008004100000020001800041082002700059100003400086245008900120250001200209260002400221300001700245440002500262650005500287120622s9999 xx 000 0 und d a970-07-6709-4 a086.1 S479c v.388 2007 aUnamuno, Miguel de, 1864-1836 aNiebla ; Abel Sánchez ; Tres novelas ejemplares y un prólogo / Miguel de Unamuno a20a. ed aMéxico : Porrúa axxiii, 307 p aSepan cuántos; 388 a1. NOVELA ESPAÑOLA \ 2. LITERATURA ESPAÑOLAÌ